000 00388 a2200145 4500
005 20250625070931.0
020 _a978-0-07-288071-7
082 _a519 BLU
100 _aBLUMAN, A. G.
245 _aElementary Statistics: A Step by Step Approach
250 _a5th Ed.
260 _aNew York,
_bMcGraw Hill,
_c2004.
300 _axi,811p.; ill.; figure, table
_bIndex
_c24cm
942 _2ddc
_cBKS
999 _c4932
_d4932